[Event "TICF"]
[Site "FAMALICAO"]
[Date "2023.07.29"]
[Round "6.1"]
[White "MARTINEZ DUANY, Lelys"]
[Black "RIBEIRO, Fernando"]
[Result "1-0"]
[BlackElo "2119"]
[WhiteElo "2490"]
[LiveChessVersion "1.4.8"]

1. d4 {[%clk 1:30:55]} Nf6 {[%clk 1:29:39]} 2. g3 {[%clk 1:31:13]} g6
{[%clk 1:28:58]} 3. Bg2 {[%clk 1:31:36]} Bg7 {[%clk 1:29:03]} 4. e4
{[%clk 1:31:59]} d6 {[%clk 1:29:24]} 5. Ne2 {[%clk 1:32:22]} O-O {[%clk 1:29:12]}
6. Nbc3 {[%clk 1:32:39]} e5 {[%clk 1:29:30]} 7. h3 {[%clk 1:32:12]} Nc6
{[%clk 1:25:38]} 8. Be3 {[%clk 1:31:45]} exd4 {[%clk 1:25:21]} 9. Nxd4
{[%clk 1:32:08]} Bd7 {[%clk 1:25:34]} 10. O-O {[%clk 1:32:17]} Re8
{[%clk 1:25:28]} 11. Re1 {[%clk 1:31:23]} Nxd4 {[%clk 1:16:24]} 12. Bxd4
{[%clk 1:31:46]} c5 {[%clk 1:06:09]} 13. Be3 {[%clk 1:27:57]} Bc6
{[%clk 1:06:31]} 14. Qd3 {[%clk 1:26:56]} Qe7 {[%clk 0:56:39]} 15. Bf4
{[%clk 1:24:57]} Rad8 {[%clk 0:56:48]} 16. Rad1 {[%clk 1:24:40]} Qe6
{[%clk 0:41:04]} 17. g4 {[%clk 1:15:10]} Nd7 {[%clk 0:28:29]} 18. Qxd6
{[%clk 1:15:01]} Qxd6 {[%clk 0:28:52]} 19. Bxd6 {[%clk 1:14:04]} Ne5
{[%clk 0:26:10]} 20. Bxc5 {[%clk 1:13:17]} Nc4 {[%clk 0:26:07]} 21. Rxd8
{[%clk 1:11:57]} Rxd8 {[%clk 0:26:35]} 22. Nd5 {[%clk 1:12:02]} Bxd5
{[%clk 0:25:34]} 23. exd5 {[%clk 1:12:10]} b6 {[%clk 0:25:56]} 24. Be7
{[%clk 1:11:29]} Re8 {[%clk 0:25:17]} 25. d6 {[%clk 1:11:47]} Nxd6
{[%clk 0:23:23]} 26. Bc6 {[%clk 1:12:10]} Rxe7 {[%clk 0:21:38]} 27. Rxe7
{[%clk 1:12:34]} Bxb2 {[%clk 0:21:53]} 28. Rxa7 {[%clk 1:12:58]} Bd4
{[%clk 0:22:12]} 29. Bd5 {[%clk 1:13:15]} Kg7 {[%clk 0:22:06]} 30. g5
{[%clk 1:13:21]} 1-0

[Event "TICF"]
[Site "FAMALICAO"]
[Date "2023.07.29"]
[Round "6.2"]
[White "ROMANO, Joao"]
[Black "PETKOV, Vladimir"]
[Result "1/2-1/2"]
[BlackElo "2464"]
[WhiteElo "2027"]
[LiveChessVersion "1.4.8"]

1. c4 {[%clk 1:30:51]} e5 {[%clk 1:30:18]} 2. Nc3 {[%clk 1:30:34]} d6
{[%clk 1:29:59]} 3. Nf3 {[%clk 1:27:09]} f5 {[%clk 1:23:57]} 4. d4
{[%clk 1:25:20]} e4 {[%clk 1:23:23]} 5. Ng5 {[%clk 1:25:25]} Be7 {[%clk 1:23:14]}
6. Nh3 {[%clk 1:24:36]} c6 {[%clk 1:21:25]} 7. g3 {[%clk 1:19:51]} Na6
{[%clk 1:17:07]} 8. f3 {[%clk 1:15:42]} exf3 {[%clk 0:59:37]} 9. exf3
{[%clk 1:15:53]} Bf6 {[%clk 0:59:59]} 10. Be3 {[%clk 1:10:04]} Ne7
{[%clk 0:56:52]} 11. Nf4 {[%clk 1:04:02]} g6 {[%clk 0:55:14]} 12. Qd2
{[%clk 0:58:18]} Nc7 {[%clk 0:51:49]} 13. Kf2 {[%clk 0:50:49]} Kf7
{[%clk 0:38:52]} 14. Kg2 {[%clk 0:41:46]} b6 {[%clk 0:34:20]} 15. Re1
{[%clk 0:38:40]} h6 {[%clk 0:22:02]} 16. h4 {[%clk 0:33:01]} Kg7 {[%clk 0:20:23]}
17. d5 {[%clk 0:31:19]} c5 {[%clk 0:20:42]} 18. Ne6+ {[%clk 0:26:02]} Nxe6
{[%clk 0:12:03]} 19. dxe6 {[%clk 0:26:28]} Bxe6 {[%clk 0:12:07]} 20. Bxh6+
{[%clk 0:26:46]} Kf7 {[%clk 0:11:36]} 21. Bf4 {[%clk 0:23:36]} Qd7
{[%clk 0:04:44]} 22. Rd1 {[%clk 0:12:26]} Rad8 {[%clk 0:04:38]} 23. Qxd6
{[%clk 0:09:19]} Qc8 {[%clk 0:03:05]} 24. Qc7 {[%clk 0:09:29]} Bxc3
{[%clk 0:02:14]} 25. Qxc8 {[%clk 0:09:43]} Nxc8 {[%clk 0:02:38]} 26. Rxd8
{[%clk 0:09:59]} Rxd8 {[%clk 0:03:03]} 27. bxc3 {[%clk 0:10:20]} Nd6
{[%clk 0:02:35]} 28. h5 {[%clk 0:10:29]} gxh5 {[%clk 0:02:25]} 29. Rxh5
{[%clk 0:10:28]} Nxc4 {[%clk 0:02:02]} 30. Rh7+ {[%clk 0:10:36]} Kg8
{[%clk 0:02:12]} 31. Rxa7 {[%clk 0:09:33]} Rd1 {[%clk 0:02:03]} 32. Re7
{[%clk 0:08:56]} Bd5 {[%clk 0:02:28]} 33. Kf2 {[%clk 0:07:06]} Ra1
{[%clk 0:02:44]} 34. Ra7 {[%clk 0:07:07]} Na5 {[%clk 0:02:56]} 35. g4
{[%clk 0:05:06]} Rxa2+ {[%clk 0:02:08]} 36. Kg3 {[%clk 0:05:30]} Rc2
{[%clk 0:02:26]} 37. Be5 {[%clk 0:05:18]} Nc6 {[%clk 0:02:39]} 38. Rd7
{[%clk 0:03:38]} Nxe5 {[%clk 0:02:07]} 39. Rxd5 {[%clk 0:04:04]} Ng6
{[%clk 0:01:43]} 40. gxf5 {[%clk 0:03:02]} Ne7 {[%clk 0:02:02]} 41. Re5
{[%clk 0:03:21]} Kf8 {[%clk 0:02:05]} 42. c4 {[%clk 0:02:52]} Kf7
{[%clk 0:01:47]} 43. Kf4 {[%clk 0:02:33]} Rc3 {[%clk 0:02:03]} 44. Re6
{[%clk 0:02:04]} Nxf5 {[%clk 0:01:55]} 45. Rxb6 {[%clk 0:02:20]} Nd4
{[%clk 0:02:10]} 46. Ke5 {[%clk 0:01:33]} Rxf3 {[%clk 0:02:03]} 47. Rb7+
{[%clk 0:01:04]} Kf8 {[%clk 0:01:11]} 48. Bg2 {[%clk 0:01:28]} Rf5+
{[%clk 0:01:13]} 49. Kd6 {[%clk 0:01:48]} Rf6+ {[%clk 0:01:24]} 50. Kxc5
{[%clk 0:02:00]} Ne6+ {[%clk 0:01:41]} 51. Kb4 {[%clk 0:02:07]} Rf2
{[%clk 0:01:37]} 52. Bd5 {[%clk 0:01:25]} Rb2+ {[%clk 0:01:46]} 53. Ka5
{[%clk 0:01:45]} Rxb7 {[%clk 0:02:11]} 54. Bxb7 {[%clk 0:02:11]} Ke7
{[%clk 0:02:38]} 55. Kb6 {[%clk 0:02:23]} Kd6 {[%clk 0:03:02]} 56. Bc8
{[%clk 0:02:40]} Nc5 {[%clk 0:03:24]} 1/2-1/2

[Event "TICF"]
[Site "FAMALICAO"]
[Date "2023.07.29"]
[Round "6.3"]
[White "GONCALVES, Lucas"]
[Black "MORENO, Alejandro"]
[Result "1-0"]
[BlackElo "2343"]
[WhiteElo "1870"]
[LiveChessVersion "1.4.8"]

1. e4 {[%clk 1:30:40]} c5 {[%clk 1:30:19]} 2. Nf3 {[%clk 1:30:49]} d6
{[%clk 1:30:28]} 3. d4 {[%clk 1:31:12]} cxd4 {[%clk 1:30:51]} 4. Nxd4
{[%clk 1:31:33]} Nf6 {[%clk 1:31:15]} 5. Nc3 {[%clk 1:31:55]} a6 {[%clk 1:31:40]}
6. Be3 {[%clk 1:16:22]} e5 {[%clk 1:29:11]} 7. Nb3 {[%clk 1:16:45]} Be6
{[%clk 1:29:36]} 8. f3 {[%clk 1:17:05]} Nbd7 {[%clk 1:29:53]} 9. Qd2
{[%clk 1:17:25]} h5 {[%clk 1:25:26]} 10. Qf2 {[%clk 1:13:55]} Qc7
{[%clk 1:24:26]} 11. O-O-O {[%clk 1:01:02]} b5 {[%clk 1:22:24]} 12. Kb1
{[%clk 0:53:52]} Rb8 {[%clk 1:18:01]} 13. h3 {[%clk 0:43:17]} Nb6
{[%clk 1:15:33]} 14. Bxb6 {[%clk 0:38:50]} Qxb6 {[%clk 1:14:32]} 15. Qxb6
{[%clk 0:38:09]} Rxb6 {[%clk 1:14:10]} 16. a4 {[%clk 0:21:07]} b4
{[%clk 1:07:24]} 17. Nd5 {[%clk 0:12:10]} Nxd5 {[%clk 1:07:09]} 18. exd5
{[%clk 0:11:30]} Bc8 {[%clk 1:07:07]} 19. Na5 {[%clk 0:10:35]} Bd7
{[%clk 1:00:45]} 20. b3 {[%clk 0:09:12]} Be7 {[%clk 1:00:24]} 21. Bd3
{[%clk 0:09:32]} O-O {[%clk 0:58:14]} 22. g4 {[%clk 0:09:51]} h4 {[%clk 0:57:44]}
23. Rde1 {[%clk 0:09:35]} f5 {[%clk 0:55:45]} 24. Rhf1 {[%clk 0:05:39]} e4
{[%clk 0:51:35]} 25. Be2 {[%clk 0:01:29]} Bf6 {[%clk 0:39:58]} 26. fxe4
{[%clk 0:00:34]} Bc3 {[%clk 0:39:44]} 27. gxf5 {[%clk 0:00:32]} Bxe1
{[%clk 0:39:53]} 28. Rxe1 {[%clk 0:01:00]} Rf6 {[%clk 0:39:42]} 29. Nc4
{[%clk 0:00:52]} Rb8 {[%clk 0:39:56]} 30. Ne3 {[%clk 0:00:59]} Re8
{[%clk 0:39:30]} 31. Bd3 {[%clk 0:00:40]} Bc8 {[%clk 0:35:03]} 32. Kc1
{[%clk 0:00:53]} g6 {[%clk 0:34:54]} 33. Kd2 {[%clk 0:00:34]} gxf5
{[%clk 0:35:16]} 34. exf5 {[%clk 0:00:57]} Kh8 {[%clk 0:32:39]} 35. Rf1
{[%clk 0:00:54]} Ref8 {[%clk 0:30:45]} 36. Rf4 {[%clk 0:01:10]} 1-0

[Event "TICF"]
[Site "FAMALICAO"]
[Date "2023.07.29"]
[Round "6.4"]
[White "FERNANDES, Antonio"]
[Black "PADEIRO, Jose"]
[Result "0-1"]
[BlackElo "2125"]
[WhiteElo "2337"]
[LiveChessVersion "1.4.8"]

1. d4 {[%clk 1:30:57]} d5 {[%clk 1:29:34]} 2. Nf3 {[%clk 1:31:00]} Nf6
{[%clk 1:29:52]} 3. c4 {[%clk 1:31:17]} e6 {[%clk 1:30:04]} 4. g3
{[%clk 1:31:30]} Be7 {[%clk 1:30:25]} 5. Bg2 {[%clk 1:31:44]} O-O
{[%clk 1:30:49]} 6. O-O {[%clk 1:31:46]} dxc4 {[%clk 1:31:15]} 7. Ne5
{[%clk 1:31:19]} Nc6 {[%clk 1:28:16]} 8. Nxc6 {[%clk 0:35:19]} bxc6
{[%clk 1:28:10]} 9. Qc2 {[%clk 0:32:35]} Qxd4 {[%clk 1:24:36]} 10. Be3
{[%clk 0:15:22]} Qe5 {[%clk 1:23:00]} 11. Nd2 {[%clk 0:11:20]} c3
{[%clk 0:52:03]} 12. Bxc6 {[%clk 0:10:53]} Rb8 {[%clk 0:45:18]} 13. Qxc3
{[%clk 0:11:01]} Qxc3 {[%clk 0:39:51]} 14. bxc3 {[%clk 0:11:30]} Ba6
{[%clk 0:39:59]} 15. Nb3 {[%clk 0:07:28]} Bxe2 {[%clk 0:29:38]} 16. Rfe1
{[%clk 0:07:54]} Bc4 {[%clk 0:29:48]} 17. Bxa7 {[%clk 0:08:17]} Rbd8
{[%clk 0:30:12]} 18. Na5 {[%clk 0:07:12]} Bd5 {[%clk 0:28:51]} 19. c4
{[%clk 0:07:13]} Bb4 {[%clk 0:27:21]} 20. cxd5 {[%clk 0:06:26]} Bxa5
{[%clk 0:26:30]} 21. dxe6 {[%clk 0:03:49]} Bxe1 {[%clk 0:23:52]} 22. e7
{[%clk 0:04:18]} Bb4 {[%clk 0:18:04]} 23. exd8=Q {[%clk 0:04:37]} Rxd8
{[%clk 0:18:29]} 24. Rb1 {[%clk 0:04:52]} Ba5 {[%clk 0:13:50]} 25. a4
{[%clk 0:04:19]} h5 {[%clk 0:13:07]} 26. Bc5 {[%clk 0:01:06]} Rd2
{[%clk 0:10:21]} 27. Rb5 Bb6 {[%clk 0:08:32]} 28. Bxb6 {[%clk 0:00:37]} cxb6
{[%clk 0:09:01]} 29. h3 {[%clk 0:00:49]} Rd6 {[%clk 0:07:41]} 30. Rxb6
{[%clk 0:00:58]} Nd5 {[%clk 0:07:28]} 31. Rb8+ {[%clk 0:00:55]} Kh7
{[%clk 0:07:53]} 32. Bxd5 {[%clk 0:00:56]} Rxd5 {[%clk 0:08:18]} 33. Rb1
{[%clk 0:01:15]} Ra5 {[%clk 0:04:18]} 34. Ra1 {[%clk 0:01:43]} Kg6
{[%clk 0:04:45]} 35. Kg2 {[%clk 0:02:06]} Kf5 {[%clk 0:05:11]} 36. Kf3
{[%clk 0:02:30]} g5 {[%clk 0:04:47]} 37. Ke3 {[%clk 0:02:12]} Ke5
{[%clk 0:05:13]} 38. Kd3 {[%clk 0:02:22]} Kd5 {[%clk 0:05:42]} 39. Ra2
{[%clk 0:01:16]} Kc5 {[%clk 0:05:50]} 40. Kc3 {[%clk 0:00:33]} Kb6
{[%clk 0:06:02]} 41. Kd4 {[%clk 0:00:44]} f6 {[%clk 0:05:18]} 42. g4
{[%clk 0:00:32]} hxg4 {[%clk 0:04:13]} 43. hxg4 {[%clk 0:01:01]} f5
{[%clk 0:03:47]} 44. f3 {[%clk 0:01:12]} Kc6 {[%clk 0:02:54]} 45. Ra3
{[%clk 0:00:37]} Kd6 {[%clk 0:02:45]} 46. gxf5 {[%clk 0:00:32]} Rxf5
{[%clk 0:03:08]} 47. Ke3 {[%clk 0:00:32]} Ra5 {[%clk 0:02:26]} 48. Kd4
{[%clk 0:00:44]} Kc6 {[%clk 0:02:35]} 49. Ke4 {[%clk 0:00:33]} Kd6
{[%clk 0:02:33]} 50. Rd3+ {[%clk 0:00:34]} Ke6 {[%clk 0:02:49]} 51. Rd4
{[%clk 0:00:49]} Re5+ {[%clk 0:01:45]} 52. Kd3 {[%clk 0:01:17]} Rf5
{[%clk 0:02:08]} 53. Ke3 {[%clk 0:01:19]} Rc5 {[%clk 0:02:27]} 54. Rd3
{[%clk 0:00:34]} Ra5 {[%clk 0:02:27]} 55. Ra3 {[%clk 0:00:32]} Kd5
{[%clk 0:02:47]} 56. Kd3 {[%clk 0:00:54]} Kc5 {[%clk 0:02:56]} 57. Rc3+
{[%clk 0:01:04]} Kd6 {[%clk 0:02:59]} 58. Rc4 {[%clk 0:01:14]} Rf5
{[%clk 0:02:58]} 59. Ke3 {[%clk 0:01:34]} Ra5 {[%clk 0:02:58]} 60. Re4
{[%clk 0:01:40]} Rc5 {[%clk 0:03:05]} 61. Kf2 {[%clk 0:01:51]} Rc1
{[%clk 0:01:23]} 62. Kg3 {[%clk 0:00:57]} Ra1 {[%clk 0:01:00]} 63. Kg4
{[%clk 0:00:43]} Ra3 {[%clk 0:00:43]} 64. Re8 {[%clk 0:00:43]} Kd7
{[%clk 0:00:38]} 65. Re1 Kd6 0-1

[Event "TICF"]
[Site "FAMALICAO"]
[Date "2023.07.29"]
[Round "6.5"]
[White "PEIN, Jonathan"]
[Black "MONTEIRO, Paulo"]
[Result "1/2-1/2"]
[BlackElo "2090"]
[WhiteElo "2276"]
[LiveChessVersion "1.4.8"]

1. e4 {[%clk 1:30:57]} c5 {[%clk 1:30:51]} 2. Nf3 {[%clk 1:31:22]} d6
{[%clk 1:31:16]} 3. Nc3 {[%clk 1:31:47]} Nf6 {[%clk 1:31:01]} 4. e5
{[%clk 1:32:15]} dxe5 {[%clk 1:30:12]} 5. Nxe5 {[%clk 1:32:43]} Nbd7
{[%clk 1:29:12]} 6. d4 {[%clk 1:33:00]} Nxe5 {[%clk 1:16:24]} 7. dxe5
{[%clk 1:33:29]} Qxd1+ {[%clk 1:16:46]} 8. Kxd1 {[%clk 1:33:58]} Ng4
{[%clk 1:14:02]} 9. Bb5+ {[%clk 1:34:22]} Bd7 {[%clk 1:00:37]} 10. e6
{[%clk 1:34:51]} Bxb5 {[%clk 1:00:46]} 11. Nxb5 {[%clk 1:33:51]} Rd8+
{[%clk 0:55:24]} 12. Ke2 {[%clk 1:32:47]} fxe6 {[%clk 0:55:45]} 13. Nxa7
{[%clk 1:28:58]} g6 {[%clk 0:48:39]} 14. h3 {[%clk 1:19:38]} Nf6 {[%clk 0:45:21]}
15. Be3 {[%clk 1:17:54]} Bg7 {[%clk 0:45:17]} 16. Rhd1 {[%clk 1:07:31]} Nd5
{[%clk 0:43:05]} 17. c3 {[%clk 1:01:28]} b6 {[%clk 0:39:37]} 18. Nb5
{[%clk 1:00:14]} Kf7 {[%clk 0:33:36]} 19. Bd2 {[%clk 0:56:40]} c4
{[%clk 0:31:11]} 20. g3 {[%clk 0:50:16]} Ra8 {[%clk 0:29:16]} 21. Be3
{[%clk 0:46:28]} Ra5 {[%clk 0:27:34]} 22. Nd4 {[%clk 0:45:23]} Rha8
{[%clk 0:26:54]} 23. a3 {[%clk 0:45:03]} Bxd4 {[%clk 0:26:09]} 24. Rxd4
{[%clk 0:44:23]} Rb5 {[%clk 0:24:39]} 25. Bc1 {[%clk 0:39:00]} Ra4
{[%clk 0:20:22]} 26. Kd2 {[%clk 0:36:28]} e5 {[%clk 0:18:14]} 27. Re4
{[%clk 0:28:24]} Nf6 {[%clk 0:17:29]} 28. Re2 {[%clk 0:28:46]} Nd7
{[%clk 0:14:44]} 29. Kc2 {[%clk 0:27:38]} Nc5 {[%clk 0:10:07]} 30. Rxe5
{[%clk 0:25:41]} Rb3 {[%clk 0:10:20]} 31. Rd5 {[%clk 0:21:39]} Ra5
{[%clk 0:06:43]} 32. Rd4 {[%clk 0:20:23]} b5 {[%clk 0:06:33]} 33. Bg5
{[%clk 0:16:58]} Na4 {[%clk 0:06:30]} 34. Rb1 {[%clk 0:15:40]} Ra6
{[%clk 0:06:03]} 35. Re4 {[%clk 0:14:02]} Ra7 {[%clk 0:05:12]} 36. Be3
{[%clk 0:10:09]} Ra6 {[%clk 0:03:58]} 37. Bh6 {[%clk 0:06:08]} Rd6
{[%clk 0:02:59]} 38. Bg5 {[%clk 0:03:15]} Rd7 {[%clk 0:03:13]} 39. Be3
{[%clk 0:02:41]} Rd6 {[%clk 0:02:39]} 40. h4 {[%clk 0:02:39]} h5 {[%clk 0:02:13]}
41. Bf4 {[%clk 0:02:04]} Rd5 {[%clk 0:01:25]} 42. Re2 {[%clk 0:01:17]} Rd7
{[%clk 0:01:25]} 43. Be3 {[%clk 0:01:25]} Rd6 {[%clk 0:01:22]} 44. Bg5
{[%clk 0:01:23]} Rd7 {[%clk 0:01:44]} 45. Re5 {[%clk 0:01:43]} Kf8
{[%clk 0:01:16]} 46. f3 {[%clk 0:01:24]} Rd3 {[%clk 0:00:51]} 47. Be3
{[%clk 0:00:40]} Nxc3 {[%clk 0:00:47]} 48. Bh6+ {[%clk 0:00:33]} Kf7
{[%clk 0:01:12]} 49. bxc3 {[%clk 0:00:31]} Rbxc3+ {[%clk 0:01:01]} 50. Kb2
{[%clk 0:00:48]} Rb3+ {[%clk 0:01:25]} 51. Kc2 {[%clk 0:00:54]} Rdc3+
{[%clk 0:00:59]} 52. Kd2 {[%clk 0:01:15]} Rd3+ {[%clk 0:01:21]} 53. Kc2
{[%clk 0:01:34]} 1/2-1/2

[Event "TICF"]
[Site "FAMALICAO"]
[Date "2023.07.29"]
[Round "6.6"]
[White "RODRIGUEZ LOPEZ, Rafael"]
[Black "GONCALVES, Samuel"]
[Result "1/2-1/2"]
[BlackElo "2033"]
[WhiteElo "2182"]
[LiveChessVersion "1.4.8"]

1. d4 Nf6 2. c4 e5 3. dxe5 Ng4 4. Bf4 Nc6 5. Nf3 Bb4+ 6. Nbd2 Qe7 7. e3 Ngxe5 8.
Nxe5 Nxe5 9. Be2 d6 10. O-O a5 11. Nb3 a4 12. Nd4 a3 13. b3 O-O 14. Qc2 f5 15.
Bg3 g5 16. f3 Bd7 17. Rad1 Nc6 18. Bf2 Rae8 19. Bd3 Qf7 20. e4 Ne5 21. Qc1 f4 22.
Be2 Bc5 23. Kh1 Kh8 24. Qc3 Bxd4 25. Qxd4 Qg7 26. c5 Rf6 27. Qb4 dxc5 28. Qxb7
Bc6 29. Qa7 g4 30. Qxc5 g3 31. Bg1 Rh6 32. Rd2 Rg8 33. Bd1 Bd7 34. Qxc7 Rxh2+ 35.
Bxh2 Qh6 36. Qxe5+ Rg7 37. Qb8+ Rg8 38. Qe5+ Rg7 39. Qb8+ Rg8 40. Qe5+ 1/2-1/2

[Event "TICF"]
[Site "FAMALICAO"]
[Date "2023.07.29"]
[Round "6.7"]
[White "SANTOS, Julio"]
[Black "PINHO, Paulo"]
[Result "0-1"]
[BlackElo "2162"]
[WhiteElo "1773"]
[LiveChessVersion "1.4.8"]

1. e4 c5 2. Nf3 e6 3. c4 d6 4. Nc3 a6 5. d4 cxd4 6. Nxd4 Nf6 7. Be2 Be7 8. O-O
O-O 9. Be3 b6 10. f3 Bb7 11. Rc1 Nbd7 12. Nc2 Rc8 13. Qd2 Re8 14. Rfd1 Qc7 15.
Bf4 Ne5 16. Bxe5 dxe5 17. Kh1 Red8 18. Qe1 Nd7 19. Rd3 Nb8 20. Rcd1 Rxd3 21. Rxd3
Nc6 22. Qd1 Bc5 23. Rd7 Qb8 24. Rd3 Nd4 25. Na4 Nxc2 26. Nxc5 Nb4 27. Nd7 Nxd3
0-1

[Event "TICF"]
[Site "FAMALICAO"]
[Date "2023.07.29"]
[Round "6.8"]
[White "COSMAN, Andreea-Marioara"]
[Black "RIBEIRO, Rodrigo"]
[Result "1/2-1/2"]
[BlackElo "1903"]
[WhiteElo "2143"]
[LiveChessVersion "1.4.8"]

1. d4 {[%clk 1:30:25]} d5 {[%clk 1:30:57]} 2. c4 {[%clk 1:30:45]} e6
{[%clk 1:31:24]} 3. Nc3 {[%clk 1:31:08]} c6 {[%clk 1:31:49]} 4. e4
{[%clk 1:31:33]} dxe4 {[%clk 1:32:11]} 5. Nxe4 {[%clk 1:31:57]} Bb4+
{[%clk 1:32:37]} 6. Nc3 {[%clk 1:32:21]} Nf6 {[%clk 1:29:54]} 7. Nf3
{[%clk 1:31:05]} O-O {[%clk 1:28:15]} 8. Bd3 {[%clk 1:30:14]} Nbd7
{[%clk 1:23:46]} 9. O-O {[%clk 1:28:11]} c5 {[%clk 1:21:12]} 10. Be3
{[%clk 1:16:18]} cxd4 {[%clk 1:11:20]} 11. Bxd4 {[%clk 1:16:23]} Bc5
{[%clk 1:11:23]} 12. Bc2 {[%clk 1:15:21]} b6 {[%clk 1:08:37]} 13. Ne4
{[%clk 1:11:03]} Be7 {[%clk 0:55:28]} 14. Ne5 {[%clk 0:54:42]} Bb7
{[%clk 0:37:33]} 15. Nxd7 {[%clk 0:45:22]} Nxd7 {[%clk 0:34:44]} 16. Bc3
{[%clk 0:45:45]} g6 {[%clk 0:20:31]} 17. Qe2 {[%clk 0:40:43]} Qc7
{[%clk 0:18:12]} 18. f4 {[%clk 0:34:42]} Rac8 {[%clk 0:14:54]} 19. Rad1
{[%clk 0:21:03]} Rfd8 {[%clk 0:13:05]} 20. b3 {[%clk 0:19:53]} b5
{[%clk 0:11:04]} 21. Ng5 {[%clk 0:11:40]} bxc4 {[%clk 0:06:25]} 22. Nxf7 Kxf7
{[%clk 0:05:48]} 23. f5 {[%clk 0:11:07]} exf5 {[%clk 0:05:09]} 24. Bxf5
{[%clk 0:09:46]} Nf6 {[%clk 0:01:17]} 25. Bxc8 {[%clk 0:07:10]} Bxc8
{[%clk 0:00:52]} 26. Rxd8 {[%clk 0:05:53]} Bxd8 {[%clk 0:00:41]} 27. Qxc4+
{[%clk 0:04:39]} Qxc4 1/2-1/2

[Event "TICF"]
[Site "FAMALICAO"]
[Date "2023.07.29"]
[Round "6.9"]
[White "KHAMRAKULOV, Ibragim"]
[Black "ALMEIDA, Joao Pedro"]
[Result "1-0"]
[BlackElo "1827"]
[WhiteElo "2413"]
[LiveChessVersion "1.4.8"]

1. e4 e6 2. d4 d5 3. Nd2 Nc6 4. Ngf3 Nf6 5. e5 Nd7 6. c3 f6 7. exf6 Qxf6 8. Bd3
Bd6 9. Nf1 e5 10. Ne3 e4 11. Nxd5 Qe6 12. Qe2 Qxd5 13. Bxe4 Qe6 14. d5 Qe7 15.
dxc6 Nc5 16. cxb7 Bxb7 17. Bxb7 Qxe2+ 18. Kxe2 Nxb7 19. Be3 a5 20. Rhd1 O-O 21.
Rd5 Rae8 22. Kf1 Bxh2 23. Rb5 Nd6 24. Rh5 Bf4 25. Bxf4 Rxf4 26. Rxa5 Ne4 27. Kg1
g5 28. Re1 Rb8 29. Re5 g4 30. R5xe4 Rxe4 31. Rxe4 gxf3 32. b4 Ra8 33. Rc4 Rxa2
34. Rxc7 1-0

[Event "TICF"]
[Site "FAMALICAO"]
[Date "2023.07.29"]
[Round "6.10"]
[White "PEIN, Malcolm"]
[Black "GODINHO MARQUES, Pedro"]
[Result "1-0"]
[BlackElo "1799"]
[WhiteElo "2303"]
[LiveChessVersion "1.4.8"]

1. Nf3 {[%clk 1:30:47]} f5 {[%clk 1:30:11]} 2. d3 {[%clk 1:30:06]} Nf6
{[%clk 1:27:21]} 3. e4 {[%clk 1:29:31]} d6 {[%clk 1:19:33]} 4. exf5
{[%clk 1:29:14]} Bxf5 {[%clk 1:18:36]} 5. d4 {[%clk 1:29:37]} c6 {[%clk 1:08:57]}
6. Bd3 {[%clk 1:27:10]} Nbd7 {[%clk 0:53:02]} 7. O-O {[%clk 1:26:22]} Bg4
{[%clk 0:49:39]} 8. Nbd2 {[%clk 1:20:04]} Qa5 {[%clk 0:45:29]} 9. h3
{[%clk 1:10:32]} Bh5 {[%clk 0:43:30]} 10. Re1 {[%clk 0:52:40]} O-O-O
{[%clk 0:28:25]} 11. a3 {[%clk 0:49:06]} Qc7 {[%clk 0:25:21]} 12. b4
{[%clk 0:45:20]} g5 {[%clk 0:16:00]} 13. g4 {[%clk 0:44:23]} Nxg4
{[%clk 0:15:38]} 14. hxg4 {[%clk 0:44:46]} Bxg4 {[%clk 0:16:03]} 15. Be2
{[%clk 0:42:46]} Bh3 {[%clk 0:10:55]} 16. Nf1 {[%clk 0:41:00]} Nf6
{[%clk 0:08:58]} 17. Qd3 {[%clk 0:31:22]} Qd7 {[%clk 0:07:08]} 18. Ng3
{[%clk 0:27:32]} h5 {[%clk 0:05:41]} 19. Bxg5 {[%clk 0:24:08]} h4
{[%clk 0:04:26]} 20. Nxh4 {[%clk 0:18:18]} Bh6 {[%clk 0:03:59]} 21. Bxf6
{[%clk 0:12:59]} exf6 {[%clk 0:03:37]} 22. Ng6 {[%clk 0:07:30]} Rh7
{[%clk 0:02:24]} 23. Bf1 {[%clk 0:07:34]} Rg8 {[%clk 0:02:11]} 24. Re7
{[%clk 0:05:02]} Rxe7 {[%clk 0:01:55]} 25. Nxe7+ {[%clk 0:04:15]} Qxe7
{[%clk 0:02:02]} 26. Bxh3+ {[%clk 0:04:41]} Kc7 {[%clk 0:02:12]} 27. Kf1
{[%clk 0:04:31]} Bf4 {[%clk 0:01:51]} 28. Re1 {[%clk 0:03:41]} Qg7
{[%clk 0:01:53]} 29. Kg2 {[%clk 0:03:28]} Rh8 {[%clk 0:01:41]} 30. Qf3
{[%clk 0:03:02]} Qh6 {[%clk 0:01:45]} 31. Qg4 {[%clk 0:03:04]} Bxg3
{[%clk 0:01:30]} 32. fxg3 {[%clk 0:02:14]} Rh7 {[%clk 0:01:18]} 33. Re2
{[%clk 0:01:43]} Qh5 {[%clk 0:01:14]} 34. Qxh5 {[%clk 0:01:53]} Rxh5
{[%clk 0:01:41]} 35. Re7+ {[%clk 0:02:12]} Kb8 {[%clk 0:01:38]} 36. Re6
{[%clk 0:02:30]} Rd5 {[%clk 0:01:54]} 37. Re4 {[%clk 0:02:18]} 1-0

[Event "TICF"]
[Site "FAMALICAO"]
[Date "2023.07.29"]
[Round "6.11"]
[White "VELEIRINHO, Tomas"]
[Black "SRINATH, Rao"]
[Result "0-1"]
[BlackElo "2287"]
[WhiteElo "1787"]
[LiveChessVersion "1.4.8"]

1. e4 {[%clk 1:29:53]} e6 {[%clk 1:30:58]} 2. d4 {[%clk 1:29:43]} d5
{[%clk 1:31:23]} 3. Nd2 {[%clk 1:28:57]} Nf6 {[%clk 1:31:46]} 4. e5
{[%clk 1:27:28]} Nfd7 {[%clk 1:31:54]} 5. Bd3 {[%clk 1:24:05]} c5
{[%clk 1:32:07]} 6. c3 {[%clk 1:23:48]} Nc6 {[%clk 1:32:33]} 7. Ne2
{[%clk 1:23:14]} cxd4 {[%clk 1:32:59]} 8. cxd4 {[%clk 1:22:59]} f6
{[%clk 1:33:26]} 9. exf6 {[%clk 1:21:36]} Nxf6 {[%clk 1:33:40]} 10. O-O
{[%clk 1:20:53]} Bd6 {[%clk 1:34:07]} 11. Nf3 {[%clk 1:20:37]} Qc7
{[%clk 1:34:33]} 12. Nc3 {[%clk 1:12:04]} a6 {[%clk 1:34:48]} 13. h3
{[%clk 1:08:28]} O-O {[%clk 1:35:02]} 14. Re1 {[%clk 1:08:01]} Bd7
{[%clk 1:34:14]} 15. Be3 {[%clk 1:00:46]} Rae8 {[%clk 1:29:52]} 16. Rc1
{[%clk 0:57:29]} b5 {[%clk 1:20:13]} 17. Ne5 {[%clk 0:37:22]} Bxe5
{[%clk 1:20:38]} 18. dxe5 {[%clk 0:37:15]} Qxe5 {[%clk 1:21:04]} 19. Bc5
{[%clk 0:30:07]} Qg5 {[%clk 1:20:56]} 20. Bxf8 {[%clk 0:29:50]} Rxf8
{[%clk 1:21:23]} 21. Bf1 {[%clk 0:11:35]} b4 {[%clk 1:17:39]} 22. Ne2
{[%clk 0:11:12]} Ne4 {[%clk 1:14:34]} 23. f4 {[%clk 0:06:10]} Qh4
{[%clk 1:14:53]} 24. Kh2 {[%clk 0:05:02]} Qf2 {[%clk 1:13:40]} 25. Qb3
{[%clk 0:03:19]} Nd2 {[%clk 1:11:29]} 26. Qd3 {[%clk 0:02:29]} Ne5
{[%clk 1:11:40]} 27. fxe5 {[%clk 0:01:28]} Nf3+ {[%clk 1:12:06]} 28. Qxf3
{[%clk 0:00:44]} Rxf3 {[%clk 1:12:29]} 29. Ng1 {[%clk 0:00:40]} Re3
{[%clk 1:11:59]} 30. Rxe3 {[%clk 0:00:42]} Qxe3 {[%clk 1:12:25]} 31. Rc7
{[%clk 0:00:40]} Qxe5+ {[%clk 1:12:47]} 0-1

[Event "TICF"]
[Site "FAMALICAO"]
[Date "2023.07.29"]
[Round "6.12"]
[White "COSTA, Paulo"]
[Black "SANTOS, Tomas"]
[Result "1/2-1/2"]
[BlackElo "1729"]
[WhiteElo "2037"]
[LiveChessVersion "1.4.8"]

1. Nf3 Nf6 2. g3 g6 3. Bg2 Bg7 4. O-O O-O 5. c4 d5 6. cxd5 Nxd5 7. Nc3 Nc6 8.
Nxd5 Qxd5 9. d3 Qh5 10. Qb3 Rb8 11. Be3 Bf6 12. Rfc1 Be6 13. Qa3 Qb5 14. Rab1 a5
15. h4 Qb4 16. Rc2 Bd5 17. Bc5 Qxa3 18. bxa3 Rfd8 19. Kf1 b6 20. Be3 Ne5 21. Rxc7
Nxf3 22. Bxf3 Bxf3 23. exf3 Rxd3 24. Rb3 Rxb3 25. axb3 b5 26. Bh6 e6 27. a4 bxa4
28. bxa4 Bd4 29. Rd7 Bc5 30. Rc7 Bd4 31. g4 Bf6 32. Ra7 Bd8 33. Bd2 Bxh4 34. Bxa5
Bf6 35. Bd2 Kg7 36. Be3 Rb4 37. a5 Bd4 38. Bxd4+ Rxd4 39. a6 Ra4 40. Kg2 h5 41.
Kg3 Kf6 1/2-1/2